| 000 | | | 06605cbm0a2200253#x 450 |
| 001 | | | 24706898-24fa-4280-846a-01660adf2743 |
| 005 | | | 20230314120230.0 |
| 100 | ## | $a | 20200424j19341102k###0rusy50 ca |
| 101 | 0# | $a | rus |
| 102 | ## | $a | RU |
| 122 | 0# | $a | d19341102## |
| 200 | 1# | $a | Записка наркома по иностранным делам СССР М. М. Литвинова заведующему Особым сектором ЦК ВКП(б) А. Н. Поскребышеву с просьбой оформить постановления по линии НКИД, в том числе о восстановлении дипломатических отношений с Абиссинией (пункт 5), о возможности заключения Восточного пакта без участия Германии и Польши (п. 6) |
| | $j | 2 ноября 1934 г. |
| 251 | ## | $c | Документ |
| 300 | ## | $a | Подлинник. Подпись – автограф М. М. Литвинова, резолюция – автограф И. В. Сталина |
| 300 | ## | $a | Оформлены как постановление Политбюро ЦК ВКП(б) «Вопросы НКИД» от 2 ноября 1934 г. |
| 461 | #0 | $1 | 2001 |
| | $a | Ф. 17 |
| | $1 | 251 |
| | $c | Фонд |
| | $1 | 852 |
| | $j | 17 |
| 462 | #0 | $1 | 2001 |
| | $a | Оп. 166 |
| | $1 | 251 |
| | $c | Опись |
| | $1 | 852 |
| | $j | 166 |
| 462 | #0 | $1 | 2001 |
| | $a | Д. 535 |
| | $v | Л. 52-54 |
| | $1 | 251 |
| | $c | Дело |
| | $1 | 852 |
| | $j | 535 |
| 605 | ## | $a | Вторая мировая война в архивных документах (Комплекс оцифрованных архивных документов, кино- и фотоматериалов) |
| | $l | коллекция |
| | $2 | acquisition_Prlib |
| | $3 | LIBNET\UAF\0000088514 |
| 605 | ## | $a | Россия и страны Африки: из истории взаимоотношений |
| | $l | коллекция |
| | $2 | acquisition_Prlib |
| | $3 | LIBNET\UAF\0000106523 |
| 617 | ## | $2 | prlib_sh |
| | $a | СССР |
| | $f | 1934 |
| 801 | #0 | $a | RU |
| | $b | ПБ им. Б.Н. Ельцина |
| | $c | 20200424 |
| 801 | #1 | $a | RU |
| | $b | ПБ им. Б.Н. Ельцина |
| | $c | 20200424 |
| | $2 | rusmarc |
| 801 | #2 | $a | RU |
| | $b | ПБ им. Б.Н. Ельцина |
| | $c | 20200427 |
| | $2 | rusmarc |
| 850 | ## | $a | Российский государственный архив социально-политической истории |
| 852 | ## | $a | РГАСПИ |
| | $j | Л. 52-54 |
| 035 | ## | $a | LIBNET\0001070253 |
| 937 | ## | $d | 144166988 |
| | $h | Федеральное архивное агентство |
| 856 | 4# | $u | http://readingroom.main.prlib.ru/item.aspx?id_node=n144166988&mode=full |
| 600 | #1 | $2 | prlib_sh |
| | $3 | LIBNET\UAF\0000091171 |
| | $a | Сталин |
| | $b | И. В. |
| | $g | Иосиф Виссарионович |
| | $f | 1879-1953 |
| | $x | Автографы |
| 607 | ## | $2 | prlib_sh |
| | $3 | LIBNET\UAF\0000091817 |
| | $a | СССР |
| | $x | Внешняя политика |
| | $z | 1934 |
| | $j | Документы и материалы |
| 607 | ## | $2 | prlib_sh |
| | $3 | LIBNET\UAF\0000092222 |
| | $a | Эфиопия |
| | $x | Взаимоотношения |
| | $y | СССР |
| | $z | 1934 |
| | $j | Документы и материалы |
| 607 | ## | $a | СССР |
| | $x | Взаимоотношения |
| | $y | Эфиопия |
| | $z | 1934 |
| | $j | Документы и материалы |
| | $2 | prlib_sh |
| | $3 | LIBNET\UAF\0000092221 |
| 606 | 1# | $2 | nlr_sh1 |
| | $3 | RU\NLR\AUTH\66233437 |
| | $a | Восточный пакт |
| | $z | 1934 |
| | $j | Документы и материалы |
| 686 | ## | $2 | rubbk |
| | $a | 63.3(0)61-3ю11 |
| | $v | LBC/M |
| 686 | ## | $a | 63.3(2)614-6ю11 |
| | $v | LBC/M |
| | $2 | rubbk |
| 686 | ## | $a | 63.3(5Эфи) |
| | $v | LBC/M |
| | $2 | rubbk |
| 686 | ## | $a | 63.3(4Фра)61-6ю11 |
| | $v | LBC/M |
| | $2 | rubbk |